Информационная система управления калькуляции в области предоставления услуг по монтажу, ремонту и техническому обслуживанию на базе Microsoft Access; Молодежь и современные информационные технологии

Detalles Bibliográficos
Parent link:Молодежь и современные информационные технологии.— 2012.— [С. 357-359]
Autor Principal: Чернощук Е. С.
Summary:Заглавие с титульного экрана
Idioma:ruso
Publicado: 2012
Series:Информационные системы и программные средства в производстве и управлении
Subjects:
Acceso en liña:http://www.lib.tpu.ru/fulltext/c/2012/C04/153.pdf
Formato: MixedMaterials Electrónico Capítulo de libro
KOHA link:https://koha.lib.tpu.ru/cgi-bin/koha/opac-detail.pl?biblionumber=611118

MARC

LEADER 00000naa2a2200000 4500
001 611118
005 20231101132636.0
035 |a (RuTPU)RU\TPU\conf\8820 
035 |a RU\TPU\conf\8813 
090 |a 611118 
100 |a 20150222d2012 k y0rusy50 ca 
101 0 |a rus 
102 |a RU 
105 |a y z 101zy 
135 |a drcn ---uucaa 
181 0 |a i  
182 0 |a b 
200 1 |a Информационная система управления калькуляции в области предоставления услуг по монтажу, ремонту и техническому обслуживанию на базе Microsoft Access  |f Е. С. Чернощук 
203 |a Текст  |c электронный 
225 1 |a Информационные системы и программные средства в производстве и управлении 
230 |a 1 компьютерный файл (pdf; 300 Kb) 
300 |a Заглавие с титульного экрана 
320 |a [Библиогр.: с. 359 (4 назв.)] 
337 |a Adobe Reader 
463 0 |0 (RuTPU)RU\TPU\conf\6944  |t Молодежь и современные информационные технологии  |o сборник трудов X Международной научно-практической конференции студентов, аспирантов и молодых ученых, г. Томск, 13-16 ноября 2012 г.  |f Национальный исследовательский Томский политехнический университет (ТПУ) ; под ред. Е. А. Сикоры и др.  |v [С. 357-359]  |d 2012 
610 1 |a труды учёных ТПУ 
610 1 |a электронный ресурс 
610 1 |a информационные системы 
610 1 |a системы управления 
610 1 |a калькуляция 
610 1 |a услуги 
610 1 |a ремонт 
610 1 |a монтаж 
610 1 |a техническое обслуживание 
610 1 |a Microsoft Access 
700 1 |a Чернощук  |b Е. С. 
801 2 |a RU  |b 63413507  |c 20150222  |g RCR 
856 4 |u http://www.lib.tpu.ru/fulltext/c/2012/C04/153.pdf 
942 |c BK